000 00862cab a2200253 4500
001 WB2926-23
008 090401t1993 xxu||||| |||| 00| 0 eng d
035 _a(Sirsi) u67816
041 _aeng
245 _aNHBC warranties
260 _c1993
350 _a0
490 _aTimes
_v3 July 1993, 29(2)
520 _aReports on a group of flat owners who have discovered that faults in the sound-proofing of their properties are not covered by the NHBC warranty; NHBC is also seeking an apology from the insurance ombudsman over a claim that the guarantee is of little benefit after the first two years.
650 _aGUARANTEES
650 _aLIABILITY
650 _aNHBC
650 _aSOUND-PROOFING
650 _aSTRUCTURAL WARRANTIES
690 _aBUILT ENVIRONMENT-BUILDING PATHOLOGY
690 _aHOUSING
942 _n0
948 _c04/03/1997
999 _c42481
_d42481